Normale Ansicht MARC-Ansicht ISBD

Frohe Botschaft aus der Doppelstadt. (Titelsatznr. 371282)

[ MARC ]
MARC-Details
000 -Satzkennung
Kontrollfeld mit fester Länge 00797nam a22001937a 4500
008 - Feld mit fester Länge zur physischen Beschreibung - Allgemeine Angaben
Kontrollfeld mit fester Länge 201127b ||||| |||| 00| 0 eng d
040 ## - Katalogisierungsquelle
Original-Katalogisierungsstelle DE-2950
Katalogisierungssprache ger
Übertragungsstelle DE-2950
Beschreibungsfestlegungen rda
041 ## - Sprachcode
Sprachcode des Textes/der Tonspur oder des separaten Titels ger
245 ## - Titel
Haupttitel Frohe Botschaft aus der Doppelstadt.
Titelzusatz St. Marien: Am Heiligabend läuten über die Oder hinweg eine Viertelstunde lang die Glocken aller Kirchen in Frankfurt und Slubice. Im nächsten Jahr sollen sie noch drei Schwestern bekommen /
Verantwortlichkeitsangabe Ines Weber-Rath
264 ## - Veröffentlichungsangabe, Vertriebsangabe, Herstellungsangabe
Erscheinungs-, Vertriebs-, Herstellungsdatum 2021
653 ## - Lokales Schlagwort
Nicht-normierter Term Frankfurt (Oder)
653 ## - Lokales Schlagwort
Nicht-normierter Term Weihnachten
653 ## - Lokales Schlagwort
Nicht-normierter Term Kirchen
773 ## - Übergeordnete Einheit
Ort, Verlag und Erscheinungsjahr Frankfurt (Oder) Märkisches Verlags- und Druckhaus GmbH & Co KG
Titel Märkische Oderzeitung
Verknüpfungsangaben 32. Jahrgang (2021) Nr. 301 vom 24.12.2021, S. 17
942 ## - Zusätzliche Felder (Koha)
Koha-Medientyp Aufsätze
Exemplare
Ausgeschieden Verloren Beschädigt Nicht entleihbar Permanenter Standort Aktueller Standort Aufstellungsort Eingabedatum Anzahl Ausleihen Signatur Letzte Aktivität Preis gültig von Medientyp
        Stadtarchiv Frankfurt (Oder) | Archivbibliothek Stadtarchiv Frankfurt (Oder) | Archivbibliothek Magazin 07/01/2022   Z2 07/01/2022 07/01/2022 Aufsätze